[Event "Mondiale Semilampo 2016"]
[Site "Doha QAT"]
[Date "2016.12.26"]
[Round "5.10"]
[White "Tomashevsky, Evgeny"]
[Black "Atabayev, Yusup"]
[Result "1/2-1/2"]
[WhiteTitle "GM"]
[BlackTitle "IM"]
[WhiteElo "2716"]
[BlackElo "2473"]
[WhiteFideId "4147235"]
[BlackFideId "14001128"]
[EventDate "2016.12.26"]

1. Nf3 Nf6 2. c4 e6 3. g3 d5 4. Bg2 Be7 5. O-O O-O 6. b3 b6 7. Bb2 Bb7 8. e3 c5
9. Nc3 Nbd7 10. Qe2 Rc8 11. Rac1 Qc7 12. d3 Qb8 13. e4 dxc4 14. dxc4 Qa8 15.
Rfe1 Rfd8 16. Rcd1 Ne8 17. Qe3 Bf6 18. Qf4 a6 19. Rd2 Bc6 20. Red1 Nf8 21. Qe3
Ng6 22. h4 Rxd2 23. Rxd2 Bxc3 24. Bxc3 Bxe4 25. h5 Ne7 26. Rd7 Nf5 27. Qf4 Bc6
28. Rd2 Rd8 29. Rxd8 Qxd8 30. g4 Bxf3 31. Bxf3 Nd4 32. Kg2 h6 33. b4 Nxf3 34.
Qxf3 cxb4 35. Bxb4 Qc8 36. Qd3 Nf6 37. f3 Qd7 38. Qxd7 Nxd7 39. f4 g6 40. Bd6
gxh5 41. gxh5 f5 42. a4 Kf7 43. Kf3 Ke8 44. Ke3 Nf6 45. Bc7 Nxh5 46. Bxb6 Nf6
47. Ba5 Kd7 48. Kd4 Ne4 49. Be1 h5 50. a5 Kd6 51. Bb4+ Kc6 52. Be1 Nc5 53. Kc3
Kd6 54. Kd4 Nb3+ 55. Kd3 Kc6 56. Kc2 Nd4+ 57. Kd3 Nb3 58. Kc2 Nc5 59. Kc3 Kd6
60. Kd4 Nb3+ 61. Ke3 Kc6 62. Kd3 Kc5 63. Bf2+ Kb4 64. Be1+ Ka4 65. Kc3 Nxa5 66.
Kd4 Nb3+ 67. Ke5 Nc5 68. Kd6 Nd3 69. c5 Nxf4 70. c6 Nd5 71. Kxe6 Nc7+ 72. Kxf5
Kb5 73. Kg5 Kxc6 74. Kxh5 Kb5 75. Kg4 Nd5 76. Kf3 Nb4 77. Ke2 a5 78. Bc3 Kc4 79.
Kd2 Kb3 80. Bg7 a4 81. Bf8 Nd5 82. Kc1 Nc3 83. Kd2 Na2 84. Be7 Kb2 85. Bf6+ Kb3
86. Be7 1/2-1/2

[Event "Mondiale Semilampo 2016"]
[Site "Doha QAT"]
[Date "2016.12.26"]
[Round "5.11"]
[White "Dreev, Aleksey"]
[Black "Khusnutdinov, Rustam"]
[Result "1/2-1/2"]
[WhiteTitle "GM"]
[BlackTitle "GM"]
[WhiteElo "2652"]
[BlackElo "2458"]
[WhiteFideId "4100107"]
[BlackFideId "13701703"]
[EventDate "2016.12.26"]

1. d4 Nf6 2. Nf3 g6 3. g3 Bg7 4. Bg2 c5 5. c4 cxd4 6. Nxd4 O-O 7. Nc3 Nc6 8. O-O
Qa5 9. e3 Ne5 10. Nb3 Qc7 11. c5 Rd8 12. Qe2 d5 13. cxd6 Qxd6 14. Rd1 Qc7 15.
Rxd8+ Qxd8 16. Nd4 Qb6 17. b3 Bd7 18. Bb2 Rc8 19. Rc1 Nc6 20. Nxc6 Bxc6 21. Na4
Qd8 22. Bxc6 Rxc6 23. Rxc6 bxc6 24. Bd4 Qa5 25. Qc2 Ng4 26. Bxg7 Kxg7 27. Kg2
Qd5+ 28. e4 Qd4 29. Qc3 Qxc3 30. Nxc3 Kf6 31. h3 Ne5 32. f4 Nd7 33. e5+ Ke6 34.
Kf3 f6 35. exf6 exf6 36. Ke4 f5+ 37. Kd4 Kd6 38. b4 Nf6 39. a3 Nh5 40. Ne2 Nf6
41. Nc3 Nh5 1/2-1/2

[Event "Mondiale Semilampo 2016"]
[Site "Doha QAT"]
[Date "2016.12.26"]
[Round "5.12"]
[White "Vidit, Santosh Gujrathi"]
[Black "Akopian, Vladimir"]
[Result "1-0"]
[WhiteTitle "GM"]
[BlackTitle "GM"]
[WhiteElo "2689"]
[BlackElo "2675"]
[WhiteFideId "5029465"]
[BlackFideId "13300032"]
[EventDate "2016.12.26"]

1. d4 Nf6 2. c4 e6 3. Nf3 b6 4. g3 Bb7 5. Bg2 Bb4+ 6. Bd2 c5 7. Bxb4 cxb4 8. O-O
O-O 9. Qb3 a5 10. a3 Na6 11. Nbd2 d6 12. Rfd1 Qd7 13. Qd3 Rfe8 14. Ne1 Bxg2 15.
Kxg2 Qc7 16. Nc2 bxa3 17. bxa3 Nb8 18. Rab1 Nbd7 19. e4 e5 20. f3 g6 21. Rb5 Nf8
22. Rdb1 Rab8 23. Nf1 Ne6 24. Nfe3 Rec8 25. Rd1 exd4 26. Nxd4 Nc5 27. Qc2 Ncd7
28. Rb3 Ne5 29. Nb5 Qe7 30. Rxd6 Rc5 31. Rd4 Rbc8 32. Qe2 Nc6 33. Rd1 Ne5 34.
Rd4 Nc6 35. Rd2 Qe5 36. Rbd3 Kg7 37. Nd6 Rb8 38. f4 Qe6 39. e5 Nxe5 40. fxe5
Rxe5 41. Qf3 h5 42. h3 Rd8 43. Qf4 Rd7 44. g4 hxg4 45. hxg4 Re7 46. Nef5+ gxf5
47. Nxf5+ Rxf5 48. Qxf5 Qc6+ 49. Rf3 Ne4 50. Rc2 Qa4 51. Re2 Qxc4 52. Rfe3 Ng3
53. Qg5+ Kh7 54. Kxg3 Qxe2 55. Qxe7 1-0

[Event "Mondiale Semilampo 2016"]
[Site "Doha QAT"]
[Date "2016.12.26"]
[Round "5.14"]
[White "Nepomniachtchi, Ian"]
[Black "Fressinet, Laurent"]
[Result "1-0"]
[WhiteTitle "GM"]
[BlackTitle "GM"]
[WhiteElo "2767"]
[BlackElo "2672"]
[WhiteFideId "4168119"]
[BlackFideId "608742"]
[EventDate "2016.12.26"]

1. e4 e5 2. Nf3 Nc6 3. Bc4 Bc5 4. O-O Nf6 5. d3 a6 6. a4 d6 7. h3 Ba7 8. c3 O-O
9. Bg5 h6 10. Bh4 g5 11. Nxg5 hxg5 12. Bxg5 Kg7 13. Qf3 Rh8 14. Nd2 Kg6 15. Be3
Kg7 16. Bg5 Kg6 17. Be3 Kg7 18. Rae1 Be6 19. Qg3+ Kf8 20. Bxe6 fxe6 21. Bxa7
Rxa7 22. f4 Rg8 23. Qh4 Rg6 24. f5 exf5 25. Rxf5 Kg7 26. Ref1 Ra8 27. Rg5 Qh8
28. Rxf6 Kxf6 29. Rh5+ Kg7 30. Rxh8 Rxh8 31. Qf2 Rxh3 32. Nf3 Rh7 33. Nh4 Rf6
34. Nf5+ Kf7 35. g4 Rg7 36. Kf1 Rxg4 37. Qh2 Rg7 38. Ke1 Rxf5 39. exf5 Ne7 40.
Qh5+ Kf6 41. Qh6+ Kf7 42. Qe6+ Kf8 43. f6 1-0

[Event "Mondiale Semilampo 2016"]
[Site "Doha QAT"]
[Date "2016.12.26"]
[Round "5.15"]
[White "Amin, Bassem"]
[Black "Dominguez Perez, Leinier"]
[Result "0-1"]
[WhiteTitle "GM"]
[BlackTitle "GM"]
[WhiteElo "2662"]
[BlackElo "2739"]
[WhiteFideId "10601457"]
[BlackFideId "3503240"]
[EventDate "2016.12.26"]

1. Nf3 Nf6 2. g3 b6 3. Bg2 Bb7 4. O-O e6 5. d3 d5 6. Nbd2 Nbd7 7. e4 dxe4 8.
dxe4 Nc5 9. e5 Nd5 10. a3 a5 11. Re1 Qd7 12. Nc4 Be7 13. Qd4 O-O 14. Qg4 Rfd8
15. Bh6 Bf8 16. Rad1 b5 17. Ncd2 Ne7 18. Bg5 Qe8 19. b4 axb4 20. axb4 Na4 21.
Nb3 Rxd1 22. Rxd1 Bd5 23. h4 Kh8 24. Nbd4 Nb2 25. Re1 Nc4 26. Bf1 Ra4 27. c3 Ra3
28. Rc1 Nc6 29. Bf4 Nxd4 30. Nxd4 c5 31. bxc5 Bxc5 32. Nf3 h6 33. Bd3 Ra2 34.
Rf1 Ra3 35. Rc1 Ra2 36. Nd4 b4 37. Qh5 Qf8 38. Bxc4 Bxc4 39. cxb4 Bxd4 40. Rxc4
Bxf2+ 41. Kh2 Qa8 42. Qd1 Bxg3+ 0-1

[Event "Mondiale Semilampo 2016"]
[Site "Doha QAT"]
[Date "2016.12.26"]
[Round "5.18"]
[White "Zhigalko, Sergei"]
[Black "Volokitin, Andrei"]
[Result "1-0"]
[WhiteTitle "GM"]
[BlackTitle "GM"]
[WhiteElo "2671"]
[BlackElo "2649"]
[WhiteFideId "13502956"]
[BlackFideId "14107090"]
[EventDate "2016.12.26"]

1. e4 c5 2. Nf3 d6 3. d4 cxd4 4. Qxd4 Nc6 5. Bb5 Bd7 6. Bxc6 Bxc6 7. Nc3 Nf6 8.
Bg5 e6 9. O-O-O Be7 10. Rhe1 h6 11. Bh4 Qa5 12. Kb1 O-O 13. Qd2 Rfd8 14. Nd5
Qxd2 15. Nxe7+ Kf8 16. Nxd2 Kxe7 17. f3 g5 18. Bf2 b6 19. Nc4 d5 20. Ne5 Bb7 21.
exd5 Rxd5 22. c4 Rxd1+ 23. Rxd1 Rc8 24. h4 Rc7 25. hxg5 hxg5 26. Be3 Ne8 27.
Bxg5+ f6 28. Bh4 Kf8 29. Ng4 Rxc4 30. Rd7 Bc8 31. Rxa7 e5 32. Nh6 Be6 33. Bf2 b5
34. b3 Rc6 35. Kb2 Nc7 36. g4 Nd5 37. Be1 Ke8 38. Bd2 Ne7 39. Bb4 Nd5 40. Bd2
Nc7 41. Nf5 Nd5 42. Ng7+ Kd8 43. Rb7 Bd7 44. Rxb5 Rd6 45. Rc5 Nb6 46. Ba5 Ke7
47. Bxb6 Rxb6 48. Nf5+ Ke6 49. Ra5 Bc6 50. f4 Be4 51. fxe5 fxe5 52. Ne3 Bd3 53.
Kc3 Rd6 54. Rd5 Rxd5 55. Nxd5 Bb1 56. Ne3 Kf6 57. a4 Kg5 58. b4 Kf4 59. Kd2 e4
60. b5 Bd3 61. b6 Ba6 62. a5 Kf3 63. g5 1-0

[Event "Mondiale Semilampo 2016"]
[Site "Doha QAT"]
[Date "2016.12.26"]
[Round "5.19"]
[White "Onischuk, Vladimir"]
[Black "Sanal, Vahap"]
[Result "0-1"]
[WhiteTitle "GM"]
[BlackTitle "GM"]
[WhiteElo "2601"]
[BlackElo "2474"]
[WhiteFideId "14114038"]
[BlackFideId "6300545"]
[EventDate "2016.12.26"]

1. e4 e5 2. Nf3 Nc6 3. Bb5 a6 4. Ba4 Nf6 5. O-O Be7 6. d3 b5 7. Bb3 d6 8. a3 O-O
9. Nc3 Be6 10. Be3 d5 11. Bg5 d4 12. Bxe6 dxc3 13. Bb3 cxb2 14. Ra2 Qd6 15. Bd2
Nd7 16. Rxb2 Qxa3 17. Ra2 Qd6 18. Qa1 Nd4 19. Nxd4 exd4 20. Rb1 Nc5 21. Bb4 Qf6
22. e5 Qxe5 23. Bxc5 Bxc5 24. Rxa6 Rae8 25. g3 h5 26. Qa2 Bb4 27. Rf1 Rd8 28. h4
Bd6 29. Kg2 g5 30. Rh1 g4 31. Qa1 Rde8 32. Qc1 Kg7 33. Ra1 Bb4 34. Qg5+ Qxg5 35.
hxg5 Kg6 36. Rh2 Re5 37. Ra7 Bd6 38. Rh1 Rfe8 39. Rha1 Rf5 40. Ra8 Re2 41. Rf1
Kxg5 42. Kg1 Kg6 43. Rg8+ Kh7 44. Rd8 Kg7 45. Rb8 Bb4 46. Rb7 Be1 47. Rxc7 Bxf2+
48. Kh1 h4 49. gxh4 g3 0-1

[Event "Mondiale Semilampo 2016"]
[Site "Doha QAT"]
[Date "2016.12.26"]
[Round "5.20"]
[White "Naiditsch, Arkadij"]
[Black "Jobava, Baadur"]
[Result "1/2-1/2"]
[WhiteTitle "GM"]
[BlackTitle "GM"]
[WhiteElo "2687"]
[BlackElo "2702"]
[WhiteFideId "4650891"]
[BlackFideId "13601520"]
[EventDate "2016.12.26"]

1. e4 e5 2. Nf3 Nf6 3. Nc3 Nc6 4. Bb5 d6 5. d4 exd4 6. Nxd4 Bd7 7. Bxc6 bxc6 8.
O-O Be7 9. Qf3 O-O 10. e5 dxe5 11. Nxc6 Bxc6 12. Qxc6 Qd7 13. Qxd7 Nxd7 14. Rd1
Rfd8 15. Be3 c6 16. Na4 f5 17. f3 Kf7 18. Rd3 Ke6 19. Rad1 Nb6 20. Nc5+ Bxc5 21.
Bxc5 Rd5 22. Bf2 Na4 23. b3 Nc3 24. Re1 Rxd3 25. cxd3 Kd5 26. Kf1 Nxa2 27. Ra1
Nc3 28. Rc1 Nb5 29. Rc5+ Kd6 30. f4 Re8 31. b4 e4 32. dxe4 fxe4 33. f5 Kd7 34.
Ke2 g6 35. fxg6 hxg6 36. h4 Nc7 37. Ra5 a6 38. g4 Rf8 39. Bg3 Nd5 40. Rxa6 Rf3
41. Be5 Ke6 42. Bb8 Re3+ 43. Kd2 Rd3+ 44. Ke2 Kd7 45. Ra7+ Ke6 46. Ra6 Nc3+ 47.
Ke1 Kd5 48. Ra5+ Kc4 49. Rc5+ Kxb4 50. Rxc6 Rh3 51. Be5 Nd5 52. Rxg6 Nc3 1/2-1/2

[Event "Mondiale Semilampo 2016"]
[Site "Doha QAT"]
[Date "2016.12.26"]
[Round "5.21"]
[White "Jakovenko, Dmitry"]
[Black "Borisek, Jure"]
[Result "1/2-1/2"]
[WhiteTitle "GM"]
[BlackTitle "GM"]
[WhiteElo "2704"]
[BlackElo "2561"]
[WhiteFideId "4122356"]
[BlackFideId "14603152"]
[EventDate "2016.12.26"]

1. d4 d5 2. c4 dxc4 3. e4 e5 4. Nf3 exd4 5. Bxc4 Nc6 6. O-O Be6 7. Nbd2 Nf6 8.
Qb3 Qd7 9. Qxb7 Rb8 10. Qa6 Bxc4 11. Qxc4 Be7 12. b3 O-O 13. Bb2 Rb4 14. Qd3 Rd8
15. Rac1 Ng4 16. Nc4 Qe6 17. h3 Nge5 18. Ncxe5 Nxe5 19. Nxe5 Qxe5 20. f4 Qa5 21.
a3 Rbb8 22. Rc6 Qb5 23. Qxb5 Rxb5 24. Rxc7 Rxb3 25. Bxd4 Bxa3 26. Bxa7 Bd6 27.
Rc6 Bb8 28. Bxb8 Rdxb8 29. Rfc1 g6 30. Kf2 R8b4 31. R6c4 Rxc4 32. Rxc4 h5 33.
Rc2 Kg7 34. Re2 Kf6 35. Re3 Rb2+ 36. Kf3 Rb1 37. Ra3 Rf1+ 38. Kg3 Re1 39. Ra4
Re2 40. Kf3 Re1 41. Ra6+ Kg7 42. g4 Rf1+ 43. Kg3 Re1 44. Ra4 hxg4 45. hxg4 Rg1+
46. Kh3 Re1 47. Rb4 g5 48. f5 Kf6 49. Kg3 Ke5 50. Rb7 Re3+ 51. Kf2 Rxe4 52. Rxf7 1/2-1/2

[Event "Mondiale Semilampo 2016"]
[Site "Doha QAT"]
[Date "2016.12.26"]
[Round "5.22"]
[White "Debashis, Das"]
[Black "Karjakin, Sergey"]
[Result "1/2-1/2"]
[WhiteTitle "GM"]
[BlackTitle "GM"]
[WhiteElo "2472"]
[BlackElo "2785"]
[WhiteFideId "5024854"]
[BlackFideId "14109603"]
[EventDate "2016.12.26"]

1. d4 Nf6 2. c4 e6 3. Nc3 Bb4 4. e3 O-O 5. Bd3 c5 6. Nf3 b6 7. O-O Bb7 8. Na4
cxd4 9. exd4 Re8 10. Bf4 Bf8 11. Re1 Nc6 12. Rc1 Ne7 13. Nc3 Ng6 14. Bg5 Be7 15.
a3 Rc8 16. b4 a6 17. h3 Qc7 18. Bf1 Qb8 19. Ne5 d6 20. Bxf6 gxf6 21. Nf3 Rc7 22.
d5 e5 23. Nd2 Bc8 24. Nb3 f5 25. c5 Bg5 26. Rb1 Rce7 27. Na4 b5 28. Nb6 Qc7 29.
Nxc8 Rxc8 30. Qh5 h6 31. Rbd1 Nf4 32. Qf3 Kh7 33. h4 Bxh4 34. g3 Rg8 35. Kh2 Rg4
36. Bh3 Nxh3 37. Qxf5+ Rg6 38. Kxh3 Bg5 39. cxd6 Qxd6 40. Nc5 Kg7 41. Ne4 Qd7
42. Qxd7 Rxd7 43. Nc5 Rd8 44. Rxe5 Kf8 45. Ne4 Bf6 46. Nxf6 Rxf6 47. Kg2 Rfd6
48. Rd4 Rc8 49. Re3 Rcd8 50. Red3 Ke7 51. Kf3 Kf6 52. Kf4 h5 53. Kf3 Kg5 54. Ke3
R8d7 55. Rd2 f6 56. Rc2 Rxd5 57. Rxd5+ Rxd5 58. Rc6 Re5+ 59. Kf3 Rf5+ 60. Kg2
Rd5 61. Rxa6 Rd3 62. Ra5 f5 63. Rxb5 Rxa3 64. Rc5 Rb3 65. b5 Kg4 66. Rc6 h4 67.
Rc4+ Kh5 68. gxh4 Rxb5 69. Kg3 Ra5 70. Rc8 Ra4 71. Rh8+ Kg6 72. Rg8+ Kf7 73. Rg5
Kf6 74. Kh3 Ra1 75. Rg8 Rh1+ 76. Kg2 1/2-1/2

[Event "Mondiale Semilampo 2016"]
[Site "Doha QAT"]
[Date "2016.12.26"]
[Round "5.23"]
[White "Grandelius, Nils"]
[Black "Cheparinov, Ivan"]
[Result "1/2-1/2"]
[WhiteTitle "GM"]
[BlackTitle "GM"]
[WhiteElo "2643"]
[BlackElo "2689"]
[WhiteFideId "1710400"]
[BlackFideId "2905540"]
[EventDate "2016.12.26"]

1. e4 e5 2. Nf3 Nc6 3. Bb5 a6 4. Ba4 Nf6 5. O-O Be7 6. d3 b5 7. Bb3 d6 8. a4 Bd7
9. c3 Na5 10. Ba2 bxa4 11. Nbd2 O-O 12. Bb1 c5 13. Bc2 Bb5 14. c4 Bc6 15. Bxa4
Qb6 16. Nb1 Bxa4 17. Rxa4 Nc6 18. Nc3 Rfb8 19. Ra3 Qb7 20. Re1 Bd8 21. Re2 Nd7
22. g3 Nf8 23. Nd5 Ne6 24. Be3 Nc7 25. Nc3 Nd4 26. Bxd4 cxd4 27. Nd5 a5 28. Qa4
Kf8 29. Nxc7 Qxc7 30. Rc2 Ra7 31. Rb3 Rxb3 32. Qxb3 Rb7 33. Qa3 Rb4 34. Qa2 Qc5
35. Rc1 g6 36. Ne1 Rb7 37. Rc2 Qb4 38. Kf1 Bb6 39. Rc1 a4 40. Ra1 Ra7 41. Qa3
Bc5 42. Qxb4 Bxb4 43. Nc2 Bc5 44. Na3 Bxa3 45. Rxa3 Rb7 46. Rxa4 Rxb2 1/2-1/2

[Event "Mondiale Semilampo 2016"]
[Site "Doha QAT"]
[Date "2016.12.26"]
[Round "5.24"]
[White "Salem, A.R. Saleh"]
[Black "Anton Guijarro, David"]
[Result "1/2-1/2"]
[WhiteTitle "GM"]
[BlackTitle "GM"]
[WhiteElo "2656"]
[BlackElo "2650"]
[WhiteFideId "9301348"]
[BlackFideId "2285525"]
[EventDate "2016.12.26"]

1. e4 e5 2. Nf3 Nc6 3. Bc4 Bc5 4. O-O Nf6 5. d3 d6 6. c3 O-O 7. b4 Bb6 8. Bg5 h6
9. Bh4 g5 10. Bg3 a5 11. b5 Ne7 12. Nbd2 Ng6 13. d4 Qe7 14. Re1 Nh7 15. Nf1 g4
16. N3d2 h5 17. h4 exd4 18. cxd4 Bxd4 19. Ne3 Bxa1 20. Qxa1 Qf6 21. e5 dxe5 22.
Nd5 Qg7 23. Nxc7 Rb8 24. Ne4 Kh8 25. Nd6 f6 26. b6 Bd7 27. Bd3 Rfd8 28. Qc3 Nhf8
29. Qc4 Bc6 30. Nf7+ Kh7 31. Rxe5 fxe5 32. Bxe5 Bd5 33. Nxd5 Qxf7 34. Nf6+ Kg7
35. Nxh5+ Kg8 36. Nf6+ Kg7 37. Ne8+ Kg8 38. Nf6+ Kg7 39. Nh5+ Kg8 40. Nf6+ Kg7
41. Nh5+ Kg8 1/2-1/2

[Event "Mondiale Semilampo 2016"]
[Site "Doha QAT"]
[Date "2016.12.26"]
[Round "5.25"]
[White "Tari, Aryan"]
[Black "Howell, David W L"]
[Result "0-1"]
[WhiteTitle "GM"]
[BlackTitle "GM"]
[WhiteElo "2584"]
[BlackElo "2644"]
[WhiteFideId "1510045"]
[BlackFideId "410608"]
[EventDate "2016.12.26"]

1. d4 Nf6 2. c4 c6 3. Nf3 d5 4. Nc3 a6 5. e3 b5 6. b3 Bg4 7. Be2 Nbd7 8. h3 Bh5
9. O-O e6 10. c5 Be7 11. Bb2 O-O 12. Ne5 Bxe2 13. Nxe2 Qc7 14. b4 a5 15. a3 Ra6
16. Qd3 Rfa8 17. a4 axb4 18. Nxc6 Bxc5 19. axb5 Rxa1 20. Rxa1 Rxa1+ 21. Bxa1 Bf8
22. Qb3 Ne4 23. Nxb4 Qa5 24. Nc2 Qd2 25. f3 Qd1+ 26. Kh2 Bd6+ 27. Nf4 Nd2 28.
Qc3 Nf1+ 29. Kg1 Nxe3+ 0-1

[Event "Mondiale Semilampo 2016"]
[Site "Doha QAT"]
[Date "2016.12.26"]
[Round "5.26"]
[White "Riazantsev, Alexander"]
[Black "Bindrich, Falko"]
[Result "1-0"]
[WhiteTitle "GM"]
[BlackTitle "GM"]
[WhiteElo "2671"]
[BlackElo "2590"]
[WhiteFideId "4125029"]
[BlackFideId "4676670"]
[EventDate "2016.12.26"]

1. d4 Nf6 2. c4 e6 3. Nf3 d5 4. Nc3 Be7 5. Bg5 h6 6. Bxf6 Bxf6 7. e3 c5 8. cxd5
exd5 9. Bb5+ Bd7 10. Be2 Bc6 11. O-O Nd7 12. Rc1 O-O 13. dxc5 Nxc5 14. Nd4 Ne6
15. Nxc6 bxc6 16. Na4 Qd6 17. Qc2 Rac8 18. Bg4 Rc7 19. Rfd1 Rd8 20. a3 Qe7 21.
b4 Be5 22. h3 Bd6 23. Qe2 Ng5 24. Nc5 Bxc5 25. Rxc5 Ne4 26. Rc2 a5 27. bxa5 Qxa3
28. Bf3 Ra8 29. Bxe4 dxe4 30. Ra2 Qb3 31. Rda1 c5 32. Ra3 Qe6 33. a6 c4 34. Qc2
Rca7 35. Qa2 Qc6 36. g4 h5 37. gxh5 Qd5 38. Ra5 Qd3 39. Rc1 Rc8 40. Qa3 Qd2 41.
Qc3 Qd8 42. Rca1 Qd3 43. Rc1 Qd8 44. Kh2 Rc6 45. Rg1 f6 46. h6 g5 47. h4 Qd6+
48. Rg3 g4 49. Kg2 Qe6 50. Qd4 Raxa6 51. Rg5+ Kh7 52. R5xg4 Rc7 53. Qd8 Raa7 54.
Rg8 1-0

[Event "Mondiale Semilampo 2016"]
[Site "Doha QAT"]
[Date "2016.12.26"]
[Round "5.27"]
[White "Matlakov, Maxim"]
[Black "Saeed, Ishaq"]
[Result "1-0"]
[WhiteTitle "GM"]
[BlackTitle "FM"]
[WhiteElo "2694"]
[BlackElo "2312"]
[WhiteFideId "4168003"]
[BlackFideId "9301453"]
[EventDate "2016.12.26"]

1. d4 Nf6 2. c4 e6 3. g3 Be7 4. Bg2 d5 5. Nf3 O-O 6. O-O dxc4 7. Qc2 a6 8. a4
Nc6 9. Qxc4 Rb8 10. Nc3 Nb4 11. Bg5 Nbd5 12. Ne5 c6 13. Rfd1 h6 14. Bd2 Bd7 15.
e4 Nb4 16. Bf4 Rc8 17. Qe2 Be8 18. a5 Nd7 19. Nc4 Nf6 20. Nb6 Bd7 21. Nca4 g5
22. Be5 Qe8 23. Nc5 Rd8 24. Nxb7 c5 25. Nxd8 Bb5 26. Qf3 Qxd8 27. dxc5 Nd3 28.
Bd6 g4 29. Qe3 Bxd6 30. cxd6 Qxd6 31. Bf1 Rd8 32. Bxd3 Bxd3 33. e5 Nd5 34. exd6 1-0

[Event "Mondiale Semilampo 2016"]
[Site "Doha QAT"]
[Date "2016.12.26"]
[Round "5.28"]
[White "Svane, Rasmus"]
[Black "Vitiugov, Nikita"]
[Result "0-1"]
[WhiteTitle "GM"]
[BlackTitle "GM"]
[WhiteElo "2555"]
[BlackElo "2726"]
[WhiteFideId "4657101"]
[BlackFideId "4152956"]
[EventDate "2016.12.26"]

1. Nf3 Nf6 2. c4 e6 3. Nc3 d5 4. d4 Nbd7 5. Qc2 dxc4 6. e4 Nb6 7. Bxc4 Nxc4 8.
Qa4+ c6 9. Qxc4 b5 10. Qe2 b4 11. Na4 Qa5 12. b3 Ba6 13. Qc2 Rc8 14. Be3 Be7 15.
Ne5 O-O 16. f3 Bb5 17. Nc5 Qc7 18. O-O-O a5 19. Kb1 Bxc5 20. Qxc5 Nd7 21. Nxd7
Qxd7 22. Rd2 f5 23. e5 f4 24. Bf2 Qf7 25. Qc2 Ra8 26. Rc1 a4 27. Qe4 axb3 28.
axb3 Ra3 29. Rb2 Qa7 30. Kc2 Rxb3 31. Rxb3 Qa2+ 32. Kd1 Qxb3+ 33. Ke1 Bd3 34.
Qxc6 Qa2 0-1

[Event "Mondiale Semilampo 2016"]
[Site "Doha QAT"]
[Date "2016.12.26"]
[Round "5.29"]
[White "Pichot, Alan"]
[Black "Adhiban, Baskaran"]
[Result "1-0"]
[WhiteTitle "GM"]
[BlackTitle "GM"]
[WhiteElo "2544"]
[BlackElo "2666"]
[WhiteFideId "110973"]
[BlackFideId "5018471"]
[EventDate "2016.12.26"]

1. e4 e5 2. Nf3 Nc6 3. Bb5 a6 4. Ba4 Nf6 5. O-O Be7 6. Re1 b5 7. Bb3 d6 8. c3
O-O 9. h3 Nd7 10. d4 Bf6 11. a4 Bb7 12. d5 Ne7 13. axb5 axb5 14. Rxa8 Qxa8 15.
Na3 Ba6 16. Nc2 Nc5 17. Nb4 Nxb3 18. Qxb3 Bc8 19. Be3 Bd7 20. Nd2 g6 21. Nc2 c6
22. Ra1 Qc8 23. Ra7 cxd5 24. exd5 Nf5 25. Ne4 Be7 26. Bb6 Nh4 27. Rc7 Qe8 28.
Qa3 Bf5 29. f3 Bxe4 30. fxe4 f5 31. Qa7 Bf6 32. Ne3 h5 33. Qa3 f4 34. Qxd6 fxe3
35. Bxe3 g5 36. Qc6 Qg6 37. d6 g4 38. d7 gxh3 39. Qe6+ Kh8 40. Qxh3 Qxe4 41. Rc8
Ng6 42. Qxh5+ Kg8 43. Bc5 Qe1+ 44. Kh2 e4 45. Qxg6+ 1-0

[Event "Mondiale Semilampo 2016"]
[Site "Doha QAT"]
[Date "2016.12.26"]
[Round "5.30"]
[White "Quparadze, Giga"]
[Black "Tregubov, Pavel V."]
[Result "0-1"]
[WhiteTitle "IM"]
[BlackTitle "GM"]
[WhiteElo "2481"]
[BlackElo "2585"]
[WhiteFideId "13602250"]
[BlackFideId "4115341"]
[EventDate "2016.12.26"]

1. e4 c5 2. Nf3 e6 3. Nc3 Nc6 4. d4 cxd4 5. Nxd4 Nf6 6. Be2 Bb4 7. O-O Bxc3 8.
bxc3 Nxe4 9. Bf3 d5 10. Bxe4 dxe4 11. Ba3 Nxd4 12. cxd4 Qa5 13. Qc1 Bd7 14. Rb1
Bc6 15. c4 f6 16. Rd1 Rd8 17. d5 exd5 18. Bb4 Qxa2 19. Qf4 Kf7 20. cxd5 Rxd5 21.
Qc7+ Kg6 22. Qg3+ Rg5 23. Qe3 Re8 24. Ra1 Qe6 25. h4 Rd5 26. Rxd5 Qxd5 27. Rxa7
Qd1+ 28. Kh2 Qg4 29. Qg3 Qxg3+ 30. Kxg3 e3 31. f3 Rd8 32. Ra3 e2 33. Re3 Bb5 34.
Re7 Rd7 35. Rxd7 Bxd7 36. Kf4 Kh5 37. Be1 g5+ 38. hxg5 fxg5+ 39. Ke5 Kg6 40. Ke4
h5 41. Ke3 Bb5 42. f4 g4 43. g3 Kf5 44. Bf2 Bc4 45. Be1 b5 46. Bd2 Ke6 47. Kd4
Bd5 48. Bb4 h4 49. gxh4 g3 50. Ke3 g2 51. Kf2 Kf5 52. h5 Kxf4 53. h6 Be4 54.
Bd6+ Kg5 55. Bh2 b4 56. Kxe2 b3 0-1

[Event "Mondiale Semilampo 2016"]
[Site "Doha QAT"]
[Date "2016.12.26"]
[Round "5.31"]
[White "Maghsoodloo, Parham"]
[Black "Ganguly, Surya Shekhar"]
[Result "0-1"]
[WhiteTitle "GM"]
[BlackTitle "GM"]
[WhiteElo "2584"]
[BlackElo "2668"]
[WhiteFideId "12539929"]
[BlackFideId "5002150"]
[EventDate "2016.12.26"]

1. d4 Nf6 2. c4 e6 3. Nc3 Bb4 4. Qc2 O-O 5. e3 c5 6. dxc5 Na6 7. Ne2 Bxc5 8. a3
b6 9. b4 Be7 10. Bb2 Bb7 11. Rd1 Rc8 12. Nf4 Qc7 13. Qa4 Qb8 14. Be2 Nc7 15. O-O
Qa8 16. f3 Bc6 17. Qb3 d5 18. cxd5 Ncxd5 19. Ncxd5 Nxd5 20. Nh5 g6 21. Ng3 a5
22. e4 Nf4 23. Qe3 Nxe2+ 24. Nxe2 axb4 25. axb4 Bb5 26. Rf2 Qa4 27. Ra1 Qxb4 28.
Ba3 Bc5 29. Qxc5 bxc5 30. Bxb4 cxb4 31. Nd4 Bd3 32. Rd2 Rc3 33. Rad1 Bc4 34. Rb1
b3 35. Kf2 Ra8 36. Ne2 Bxe2 37. Rxe2 Ra2 38. Rxa2 bxa2 39. Rb8+ Kg7 40. Ra8 Rc2+
41. Kg3 g5 42. Kh3 h5 43. Kg3 Kg6 44. Ra5 Rb2 45. Kh3 Rc2 46. Kg3 Kf6 47. h4
gxh4+ 48. Kh3 Rc1 0-1

[Event "Mondiale Semilampo 2016"]
[Site "Doha QAT"]
[Date "2016.12.26"]
[Round "5.32"]
[White "Adly, Ahmed"]
[Black "Xu, Yi"]
[Result "0-1"]
[WhiteTitle "GM"]
[BlackTitle "IM"]
[WhiteElo "2599"]
[BlackElo "2430"]
[WhiteFideId "10601619"]
[BlackFideId "8605564"]
[EventDate "2016.12.26"]

1. Nf3 Nf6 2. g3 d5 3. Bg2 e6 4. O-O Be7 5. d3 O-O 6. Nbd2 c5 7. e4 Nc6 8. e5
Nd7 9. Re1 b5 10. Nf1 a5 11. h4 b4 12. N1h2 a4 13. a3 bxa3 14. bxa3 Rb8 15. h5
Ba6 16. h6 g6 17. Ng4 Nd4 18. Be3 Nxf3+ 19. Bxf3 c4 20. Qd2 cxd3 21. cxd3 Rb3
22. Bd1 Rxd3 23. Qb2 Qa5 24. Bc2 Rb8 25. Qc1 Bxa3 26. Rxa3 Rxa3 27. Bd4 Rc8 28.
Rd1 Ra2 29. Qf4 Qd8 30. Bb1 Re2 31. Qf3 Qe7 32. Kg2 a3 33. Bd3 Bxd3 34. Rxd3 Re4
35. Rxa3 Rxg4 36. Ra7 Rxd4 37. Rxd7 Qf8 38. Qf6 Rdc4 39. Rd6 Qxh6 40. Rxe6 fxe6 0-1